000 00258nam a22001097a 4500
008 170118b xxu||||| |||| 00| 0 eng d
020 _a9780201516616
041 _aeng
080 _24TH
_a618.2
245 _aFUNDAMENTALS OF NURSING
_cKOZIER, B
942 _2udc
_cBK
999 _c3139
_d3139